Historia de la filosofía
Збережено в:
| Автор: | |
|---|---|
| Формат: | Книга |
| Мова: | Іспанська |
| Опубліковано: |
Ciudad de México
España
1982
|
| Редагування: | 6a. ed |
| Предмети: | |
| Теги: |
Додати тег
Немає тегів, Будьте першим, хто поставить тег для цього запису!
|
MARC
| LEADER | 00000nam a2200000 a 4500 | ||
|---|---|---|---|
| 001 | UCZ2131 | ||
| 003 | CL-VaPUC | ||
| 008 | 950926e19820000MX |||||||||||||||||spa|d | ||
| 082 | 0 | 4 | |a 193 |b BEL |2 21 |
| 100 | 0 | |a Belaval, Yvon |e author |9 345947 | |
| 245 | 1 | 0 | |a Historia de la filosofía |
| 250 | |a 6a. ed | ||
| 300 | |a v | ||
| 942 | |c BK | ||
| 945 | |d 19950926 00:00:00 |a cmena | ||
| 260 | |a Ciudad de México |b España |c 1982 | ||
| 500 | |a v.7: La filosofía alemana de Leibniz a Hegel | ||
| 650 | 0 | |a Filosofía alemana |9 265002 | |
| 650 | 0 | |a Historia |y Siglo 17 |9 255532 | |
| 650 | 0 | |a Escuelas filosóficas |9 266232 | |
| 651 | 0 | |a Alemania |9 255688 | |
| 583 | |a last modification |c 19950926 00:00:00 |k Rodrigo Vera | ||
| 999 | |c 238779 |d 238777 | ||
| 952 | |0 0 |1 0 |4 0 |6 193_000000000000000_BEL_1982 |7 0 |8 A |9 249262 |a BIBEDU |b BIBEDU |d 2019-11-18 |h v.7 |i 1564749 |o 193 BEL 1982 |p 1564749 |r 2019-11-18 |w 2019-11-18 |y BK |k FIL | ||